00577nam a2200157Ia 4500008004000000020001800040082001700058100002500075245008500100260005800185300000800243690001400251906001100265999001700276952012600293210210b1978 xxu||||| |||| 00| 0 eng d a0 86131 085 3 a330.153 BHAC aBHARADWAJ (Krishna). aClassical political economy and rise to dominance of supply and demand theories. aCalcuttabCentre for Studies in Social Sciencesc1978 a106 aEconomics a033935 c85002d85002 001040708EconomicsaALbALcEconomicsd2021-02-17g14.00l0o330.153 BHACp033935r2021-02-17 00:00:00w2021-02-17yBK